'Buffy the Vampire Slayer' Episodes Quiz Stats

 Plays Quiz Updated Oct 18, 2018

Score 0/144 Timer 20:00
11 Plays Today
Season Episode % Correct
Season 1Welcome To The Hellmouth
91.2%
Season 1Angel
89%
Season 1Witch
86.1%
Season 1The Harvest
85.7%
Season 6Once More, With Feeling
85.4%
Season 3Anne
85.2%
Season 3Graduation Day Part 1
85.1%
Season 3Graduation Day Part 2
85.1%
Season 1Prophecy Girl
84.5%
Season 2Becoming Part 1
83.8%
Season 2Becoming Part 2
83.8%
Season 4Hush
83.1%
Season 2Halloween
82.6%
Season 1The Pack
82.4%
Season 2When She Was Bad
81.7%
Season 5The Gift
81.5%
Season 1I, Robot... You, Jane
81.3%
Season 3The Prom
81.2%
Season 3Faith, Hope And Trick
81.2%
Season 7Chosen
80.9%
Season 1Teacher's Pet
80.7%
Season 5The Body
80.2%
Season 4The Freshman
79.9%
Season 5Buffy Vs. Dracula
79.4%
Season 1Never Kill A Boy On The First Date
79.3%
Season 1Nightmares
78.8%
Season 2Inca Mummy Girl
78.5%
Season 2Bad Eggs
78.4%
Season 2What's My Line? Part 1
78.4%
Season 2What's My Line? Part 2
78.4%
Season 2Innocence
78.3%
Season 1The Puppet Show
78.2%
Season 2School Hard
78.2%
Season 3Bad Girls
78.1%
Season 6Tabula Rasa
78%
Season 1Out Of Mind, Out Of Sight
77.7%
Season 4The Initiative
77.6%
Season 3The Wish
77.5%
Season 2Ted
77.3%
Season 2Go Fish
77.2%
Season 4Restless
77%
Season 2Passion
76.9%
Season 2Surprise
76.4%
Season 4Beer Bad
75.5%
Season 3Homecoming
75.3%
Season 3Dead Man's Party
75.2%
Season 3Band Candy
74.9%
Season 6Bargaining Part 1
74.7%
Season Episode % Correct
Season 6Bargaining Part 2
74.7%
Season 6Seeing Red
73.9%
Season 3The Zeppo
73.9%
Season 2Reptile Boy
73.8%
Season 6Two To Go
73%
Season 6Smashed
72.9%
Season 4Something Blue
72.9%
Season 7Help
72.8%
Season 3Lovers Walk
72.8%
Season 2Some Assembly Required
72.7%
Season 6Wrecked
72.6%
Season 3Doppelgangland
72.3%
Season 4Fear Itself
72.2%
Season 2I Only Have Eyes For You
71.9%
Season 6Doublemeat Palace
71.8%
Season 2Lie To Me
71.7%
Season 3Earshot
71.5%
Season 4Goodbye Iowa
71.3%
Season 2Bewitched, Bothered And Bewildered
71.3%
Season 4Living Conditions
71.2%
Season 6Grave
71.1%
Season 4The Yoko Factor
71%
Season 7Conversations With Dead People
70.8%
Season 3Amends
70.6%
Season 4Pangs
70.6%
Season 3Gingerbread
70.2%
Season 2Phases
70%
Season 4Primeval
70%
Season 4The I In Team
69.6%
Season 3Helpless
69.5%
Season 2Killed By Death
69.3%
Season 5I Was Made To Love You
69.1%
Season 7Lessons
69.1%
Season 4The Harsh Light Of Day
68.9%
Season 5Real Me
68.9%
Season 3Consequences
68.8%
Season 6Gone
68.7%
Season 4New Moon Rising
68.5%
Season 6Hell's Bells
68.4%
Season 4This Year's Girl
68.2%
Season 7Dirty Girls
68.1%
Season 4Where The Wild Things Are
68%
Season 7Potential
67.6%
Season 3Choices
67.4%
Season 7Beneath You
67.2%
Season 4Superstar
67%
Season 5The Weight Of The World
66.9%
Season 7Him
66.8%
Season Episode % Correct
Season 5Family
66.8%
Season 3Beauty And The Beasts
66.7%
Season 2The Dark Age
66.7%
Season 4Who Are You?
66.6%
Season 7Lies My Parents Told Me
65.8%
Season 4A New Man
65.5%
Season 5Into The Woods
65.3%
Season 6Villains
65.1%
Season 7End Of Days
65.1%
Season 5Triangle
64.8%
Season 3Enemies
64.7%
Season 5The Replacement
64.5%
Season 4Wild At Heart
64.3%
Season 6Life Serial
64.2%
Season 6After Life
63.4%
Season 6Flooded
63.4%
Season 5Spiral
63.2%
Season 5Fool For Love
63.1%
Season 3Revelations
62.7%
Season 6Entropy
62.2%
Season 4Doomed
62.1%
Season 5Crush
61.8%
Season 7Storyteller
61.3%
Season 7Same Time, Same Place
61.3%
Season 7Selfless
60.9%
Season 6Normal Again
60.8%
Season 5Forever
59.7%
Season 7First Date
59.6%
Season 5Shadow
59.4%
Season 7Showtime
59.1%
Season 5Blood Ties
59%
Season 6Older And Far Away
58.3%
Season 6As You Were
58.1%
Season 5Checkpoint
57.6%
Season 6Dead Things
56.9%
Season 5Intervention
56.9%
Season 5Out Of My Mind
56.8%
Season 7Touched
56.6%
Season 6All The Way
56.2%
Season 7The Killer In Me
56.1%
Season 5Listening To Fear
54.3%
Season 7Bring On The Night
54.1%
Season 7Empty Places
53.6%
Season 7Sleeper
53.6%
Season 5No Place Like Home
52.3%
Season 5Tough Love
51.9%
Season 7Never Leave Me
50.3%
Season 7Get It Done
49.4%

You're not logged in!

Compare scores with friends on all Sporcle quizzes.
OR
Log In

Sporcle TV

Today on Sporcle TV


Watch our educational content, quiz creation guides, and fun videos on Sporcle TV.

Show Comments

Extras

Top Quizzes Today


Score Distribution

Your Account Isn't Verified!

In order to create a playlist on Sporcle, you need to verify the email address you used during registration. Go to your Sporcle Settings to finish the process.

Report this User

Report this user for behavior that violates our Community Guidelines.

Details: